000 00506nam a22001697a 4500
005 20251108164227.0
008 250721s1992 xx 000 0 ara d
082 1 4 _a338.9/حاز
100 1 _aالببلاوي، حازم
245 1 0 _aالتغيير من أجل الإستقرار /
264 1 _aالقاهره :
_bدار الشروق،
_c1992.
300 _a238ص
650 1 7 _aالتخطيط الإقتصادي
650 1 7 _aالسياسة الإقتصادية
942 _2ddc
_cBK
999 _c6862
_d6862